Suomen valtiolliset hautajaiset - Statistics

Yleistilastot
  • Tätä visaa on pelattu 313 kertaa
    128 viimeisimmän päivityksen jälkeen
  • Keskiarvotulos 28 / 77
Vastaustilastot
Vuosi Henkilö Arvo/ammatti % Oikein
2023 Martti Ahtisaari presidentti
99%
2017 Mauno Koivisto presidentti
96%
1986 Urho Kekkonen presidentti
96%
1951 Carl Gustaf Emil Mannerheim presidentti, Suomen marsalkka
93%
1956 Risto Ryti presidentti
91%
1944 Pehr Evind Svinhufvud presidentti
88%
1956 Juho Kusti Paasikivi presidentti
87%
1940 Kyösti Kallio presidentti
87%
1952 Kaarlo Juho Ståhlberg presidentti
85%
1942 Lauri Kristian Relander presidentti
85%
1973 Paavo Nurmi olympiavoittaja, juoksija
81%
1957 Jean Sibelius säveltäjä
79%
1976 Alvar Aalto akateemikko, arkkitehti
74%
2004 Kalevi Sorsa entinen pääministeri
68%
1992 Väinö Linna akateemikko, kirjailija
65%
1964 Frans Eemil Sillanpää kirjailija, nobelisti
62%
2011 Harri Holkeri entinen pääministeri, valtioneuvos
62%
2000 Johannes Virolainen entinen pääministeri, valtioneuvos
62%
1952 Miina Sillanpää talousneuvos, entinen ministeri
62%
1926 Eino Leino runoilija
61%
1931 Akseli Gallen-Kallela taidemaalari
59%
2004 Adolf Ehrnrooth jalkaväenkenraali
58%
1973 Artturi Ilmari Virtanen professori, nobelisti
58%
1982 Tauno Palo näyttelijä
53%
1966 Hannes Kolehmainen olympiavoittaja, juoksija
51%
1990 Ahti Karjalainen entinen pääministeri
48%
1989 Edvin Laine elokuvaohjaaja
47%
1950 Eliel Saarinen arkkitehti
41%
1982 Ville Ritola olympiavoittaja, juoksija
40%
1966 Väinö Tanner entinen pääministeri
38%
1989 Esa Pakarinen kansantaiteilija, viihdyttäjä
37%
1921 Juhani Aho kirjailija
37%
1984 Karl August Fagerholm valtioneuvos, entinen pääministeri
35%
1985 Tapio Wirkkala akateemikko, muotoilija
33%
1966 Wäinö Aaltonen kuvanveistäjä
33%
1985 Aksel Fredrik Airo kenraali
30%
1984 Konsta Jylhä pelimanni, kansanmuusikko
29%
1987 Ella Eronen näyttelijä
23%
1982 Jukka Rangell entinen pääministeri
22%
1983 Pentti Saarikoski kirjailija
21%
1980 Rafael Paasio entinen pääministeri
21%
1961 Ralf Törngren entinen pääministeri
21%
1964 Sakari Tuomioja entinen pääministeri
21%
1947 Leevi Madetoja säveltäjä
20%
1933 Uuno Kailas runoilija
20%
1989 Kaj Franck muotoilija
19%
1970 Ilmari Kianto kirjailija
18%
1980 Rolf Nevanlinna akateemikko, matemaatikko
18%
1951 Selim Palmgren säveltäjä
18%
1935 Eemil Nestor Setälä valtioneuvos, professori
16%
1963 Oskari Tokoi senaattori
16%
1989 Tapani Niku olympiamitalisti, maastohiihtäjä
16%
1952 Antti Tulenheimo kansleri, entinen pääministeri
14%
1933 Johan Richard Danielson-Kalmari valtioneuvos, professori
14%
1945 Kaarlo Sarkia runoilija
14%
1950 Otto Manninen runoilija
14%
1995 Väinö Valve jääkärikenraali
14%
1972 Einari Vuorela runoilija
13%
1985 Tauno Nurmela akateemikko, kielitieteilijä
13%
1947 Vera Hjelt intendentti, kansanedustaja
11%
1953 Eero Mäkinen vuorineuvos, kansanedustaja
8%
1968 Toivo Mikael Kivimäki entinen pääministeri
7%
1956 Juho Niukkanen entinen ministeri
6%
1980 Kustaa Vilkuna akateemikko, entinen ministeri
6%
1960 Vilho Nenonen tykistökenraali
6%
1976 Armas Taipale olympiavoittaja, kiekonheittäjä
5%
1989 Pekka Kuusi ministeri
4%
1956 Penna Tervo entinen ministeri
4%
1935 Hannes Gebhard professori, kansanedustaja
3%
1949 Eero Yrjö Pehkonen valtioneuvos, maaherra
2%
1964 Pentti Eskola geologi
1%
1975 Pentti Pekkarinen entinen ministeri
1%
1957 Samuli Sario senaattori
1%
1958 Väinö Hakkila puhemies
1%
1958 Vihtori Vesterinen ministeri
1%
1965 Kauno Kleemola puhemies
0%
1958 Onni Talas senaattori
0%
Ehtoja vastaavia visoja ei löytynyt
Tulosjakauma
Jokaisen tuloksen saaneiden osuus
Persentiili vastausten määrän mukaan
Tuloshistoriasi
Et ole pelannut tätä visaa sen viimeisimmän päivityksen jälkeen